Arpentage, levé des plans, nivellement, tracé des routes / (Record no. 53692)

MARC details
000 -LEADER
campo de control de longitud fija 00633nam a2200193 i 4500
001 - NÚMERO DE CONTROL
campo de control 53692
003 - IDENTIFICADOR DE NÚMERO DE CONTROL
campo de control ES-MaACL
005 - FECHA Y HORA DE LA ÚLTIMA TRANSACCIÓN
campo de control 20230906162819.0
007 - CAMPO FIJO DE DESCRIPCIÓN FÍSICA--INFORMACIÓN GENERAL
campo de control de longitud fija t|
008 - DATOS DE LONGITUD FIJA--INFORMACIÓN GENERAL
campo de control de longitud fija 031107s1896 fr ||||1| fre d
100 1# - ENTRADA PRINCIPAL--NOMBRE DE PERSONA
Nombre de persona F. J.
9 (RLIN) 48486
245 10 - MENCIÓN DEL TÍTULO
Título Arpentage, levé des plans, nivellement, tracé des routes /
Mención de responsabilidad, etc. par F. J.
260 ## - PUBLICACIÓN, DISTRIBUCIÓN, ETC.
Lugar de publicación, distribución, etc. Tours :
Nombre del editor, distribuidor, etc. Maison A. Mame ;
Lugar de publicación, distribución, etc. Paris :
Nombre del editor, distribuidor, etc. Vve. Ch. Poussielgue,
Fecha de publicación, distribución, etc. [1896?]
300 ## - DESCRIPCIÓN FÍSICA
Extensión VIII, 384 p., [7] h. de lám. ;
Dimensiones 18 cm.
490 1# - MENCIÓN DE SERIE
Mención de serie Cours de mathématiques élémentaires
830 0# - PUNTO DE ACCESO ADICIONAL DE SERIE-TÍTULO UNIFORME
Título uniforme Cours de mathématiques élémentaires
9 (RLIN) 182800
852 ## - LOCALIZACIÓN
Ubicación ES-MaACL
Número de control de estantería F-3530
Holdings
Estatus retirado Estado de pérdida Estado de daño No para préstamo Colección Biblioteca de origen Biblioteca actual Ubicación en estantería Fecha de adquisición Fuente de adquisición Total de préstamos Signatura topográfica completa Código de barras Visto por última vez Precio de reemplazo Tipo de ítem Koha
        Libros del s. XIX Biblioteca del Ateneo de Madrid Biblioteca del Ateneo de Madrid Depósito 2 17/01/2008     F-3530 1056419 23/02/2023 23/02/2023 Libro impreso antiguo